00677nam a2200181 a 450000500170000000800410001702000180005805000210007605000210009710000180011824500410013626000400017730000090021744000260022699900190025295201120027195201120038320140412111425.0081008s19uu xx 00 eng d a971-508-188-6 aFil EbMa33 2006 aFIL EbMa33 2006 aLacson, Tomas aSi Mariang Alimango /cTomas Lacson. aPhilippines :bAdarna house,c2006. aunp. aa book in 2 languages c106187d106187 001040aELbELcFILd2008-10-08eDonationl0oFil E Ma33 2006pE11392r2014-04-12 00:00:00w2014-04-12yBK 001040aELbELcFILd2011-01-20eLib. Fundl0oFIL E Ma33 2006pE9756r2014-04-12 00:00:00w2014-04-12yBK